| 000 | 01020nam a2200289Ia 4500 | ||
|---|---|---|---|
| 001 | ebr10082096 | ||
| 003 | CaPaEBR | ||
| 006 | m u | ||
| 007 | cr cn||||||||| | ||
| 008 | 050124s2005 maua s 001 0 eng d | ||
| 010 | _z 2005921016 | ||
| 020 | _z1592008682 | ||
| 040 |
_aCaPaEBR _cCaPaEBR |
||
| 035 | _a(OCoLC)70739038 | ||
| 050 | 1 | 4 |
_aB132.Y6 _bM37 2005eb |
| 082 | 0 | 4 |
_a181/.45 _222 |
| 245 | 0 | 0 |
_aMaran illustrated yoga _h[electronic resource]. |
| 260 |
_aBoston, MA : _bThomson Course Technology PTR, _c2005. |
||
| 300 |
_a303 p. : _bill. |
||
| 500 | _aIncludes index. | ||
| 533 |
_aElectronic reproduction. _bPalo Alto, Calif. : _cebrary, _d2009. _nAvailable via World Wide Web. _nAccess may be limited to ebrary affiliated libraries. |
||
| 650 | 0 | _aPhilosophy, Indic. | |
| 650 | 0 | _aYoga. | |
| 655 | 7 |
_aElectronic books. _2local |
|
| 710 | 2 | _aebrary, Inc. | |
| 856 | 4 | 0 |
_uhttp://site.ebrary.com/lib/rucke/Doc?id=10082096 _zAn electronic book accessible through the World Wide Web; click to view |
| 999 |
_c157251 _d157250 |
||